000
00286nam a22001337a 4500
008
170731b xxu||||| |||| 00| 0 eng d
020
_a
0070394555
041
_a
eng
080
_a
004
100
_a
32
101
_a
SHK
245
_a
OPERATING SYSTEMS
_c
MADNICK.S.E
942
_2
udc
_c
BK
999
_c
22187
_d
22187